000 00380nam a2200145Ia 4500
008 090124s9999 xx 000 0 und d
082 _b32757
245 _a डायबिटीस
250 _a1
260 _bनगर्सेकर सुरेश
_c2004
300 _a255
630 _a डायबिटीस
730 _a डायबिटीस
942 _cBOOK
999 _c179951
_d179951